[Event "RUS Cup Final Men 2018"]
[Site "Khanty-Mansiysk"]
[Date "2018.12.08"]
[Round "2.3"]
[White "Sorokin, Aleksey"]
[Black "Timofeev, Artyom"]
[Result "1/2-1/2"]
[WhiteElo "2524"]
[BlackElo "2589"]
[Annotator "TA"]
[PlyCount "58"]
[EventDate "2018.12.05"]
[EventType "k.o."]
[EventCountry "RUS"]
[SourceTitle "playchess.com"]
[Source "ChessBase"]
[SourceQuality "1"]

{[%evp 14,58,26,16,42,43,34,31,52,47,35,36,85,89,91,88,110,70,77,76,81,79,80,22,68,23,96,8,8,2,31,0,24,0,0,-60,-60,-96,-104,-106,-84,-128,-131,-138,-77,-83,-87]} 1. d4 d5 2. c4 e6 3. Nf3 a6 4. Nbd2 (4. b3 Nf6 5. e3 dxc4 6. bxc4 c5 7. Bd3 cxd4 8. exd4 Bb4+ 9. Nbd2 O-O 10. Bb2 b5 11. c5 Bxc5 12. Bxh7+ Nxh7 13. dxc5 {½-½ (30) Artemiev,V (2706)-Rakhmanov,A (2634) Sochi 2018}) 4... Nf6 5. g3 c5 6. Bg2 {D30: Queen's Gambit Declined: Systems without Nc3} Nc6 7. O-O cxd4 8. cxd5 {LiveBook: 3 Games. White has an edge.} Nxd5 9. Nb3 $1 Be7 10. Nbxd4 O-O $146 ({Predecessor:} 10... Nxd4 11. Nxd4 Bf6 12. Qb3 b5 {1-0 (52) Rozum,I (2451)-Khruschiov,A (2498) Peterhof 2009}) 11. Nxc6 bxc6 12. e4 {[%cal Be2e4,Be4e5][%mdl 32]} Nf6 13. Qc2 Bb7 14. Rd1 $36 {[%mdl 2048] White is on the roll.} Qb6 15. Bg5 h6 16. Bxf6 Bxf6 17. e5 Bd8 18. Rd7 (18. Nd2 $16) 18... Ra7 19. Rad1 (19. Nd2 $5 {[%cal Rd2c4]} c5 20. Bxb7 Rxb7 21. Nc4 $14) 19... Bc7 (19... Ba8 $11 {remains equal.}) 20. b4 (20. Nd2 $16 {Black must now prevent Nc4.} Bc8 21. Nc4) 20... Bc8 $11 {[%cal Bb7c8,Bc8a6,Ba6b5][%mdl 32]} 21. R7d4 a5 22. a3 axb4 23. axb4 Ba6 24. g4 (24. Bf1 $11) 24... Bb5 $15 {[#] aiming for ...Ba4.} 25. Qe4 c5 26. bxc5 Qxc5 27. Qe1 Ba5 28. Qe3 Bc3 ({Black should try} 28... Bb6 29. Rb1 Rfa8) 29. Re4 Qxe3 {Accuracy: White = 35%, Black = 54%.} 1/2-1/2

[Event "RUS Cup Final Men 2018"]
[Site "Khanty-Mansiysk"]
[Date "2018.12.08"]
[Round "2.4"]
[White "Sarana, Alexey"]
[Black "Alekseenko, Kirill"]
[Result "1/2-1/2"]
[WhiteElo "2618"]
[BlackElo "2638"]
[Annotator "TA"]
[PlyCount "223"]
[EventDate "2018.12.05"]
[EventType "k.o."]
[EventCountry "RUS"]
[SourceTitle "playchess.com"]
[Source "ChessBase"]
[SourceQuality "1"]

{[%evp 21,223,48,62,39,39,15,11,0,0,0,0,1,0,0,0,0,0,-45,-11,-25,-24,-11,-20,-45,0,-8,0,-7,0,-2,37,-9,0,-21,0,-6,0,-8,0,0,13,4,14,6,3,20,14,0,0,0,0,0,0,0,7,-1,18,18,16,16,17,17,12,11,8,13,40,0,0,0,0,0,40,39,99,100,196,196,183,160,178,172,191,47,52,12,167,167,165,0,67,59,106,104,104,107,244,244,242,244,237,70,70,70,70,70,70,70,70,70,222,222,222,222,208,100,193,70,70,69,69,69,70,70,70,70,70,45,70,60,70,70,70,62,70,60,60,45,60,45,45,45,46,45,45,8,69,69,69,69,69,69,70,69,70,70,70,70,70,0,70,70,70,70,70,70,70,70,70,70,70,70,70,70,70,70,70,70,70,70,70,70,70,70,70,0,70,70,70,70,70,70,70,70,70,69,70,69,69,69,69,69,69,-22]} 1. d4 Nf6 2. c4 g6 3. Nf3 Bg7 4. g3 O-O 5. Bg2 d5 6. cxd5 Nxd5 7. O-O Nb6 8. Nc3 Nc6 {[%cal Bb8c6,Bc6a5,Ba5c4][%mdl 32]} 9. d5 Na5 10. Qc2 Bf5 {D76: Fianchetto Grünfeld: Main Line with 7...Nb6} (10... c6 11. dxc6 Nxc6 12. Rd1 Bd7 13. Bf4 Qc8 14. Rac1 Bf5 15. e4 Bg4 16. Qb3 Qe6 17. Qxe6 fxe6 18. e5 Nd5 19. Nxd5 exd5 20. Ng5 e6 21. f3 {0-1 (44) Van Wely,L (2667)-Carlsen,M (2862) Wijk aan Zee 2015}) 11. e4 Bd7 {LiveBook: 4 Games} 12. Rd1 c6 13. b4 $146 ({Predecessor:} 13. Bg5 h6 14. Be3 Rc8 15. Qe2 Nac4 16. Bd4 cxd5 17. Nxd5 Nxd5 18. Bxg7 Kxg7 19. Rxd5 {½-½ (46) Doroshkievich,V (2405)-Beshukov,S (2500) Novorossijsk 1995}) 13... Nac4 {aiming for ...cxd5.} 14. dxc6 bxc6 15. Rb1 Qc8 16. Nd2 Bg4 17. Re1 Rd8 18. Nxc4 Nxc4 19. f3 Bh3 20. Na4 Bd4+ 21. Kh1 Bxg2+ 22. Kxg2 Qe6 23. Rb3 Rd7 24. Re2 Rad8 25. Rd3 h5 26. Bg5 Ne5 27. Ra3 f6 28. Bf4 Nc4 29. Rd3 Kf7 30. h4 Kg7 31. Qb3 {And now Rc2 would win.} Qf7 32. Rc2 Ne5 33. Qxf7+ Kxf7 34. Rd1 Rd6 35. Rdc1 R6d7 36. Rd1 Rd6 37. a3 R8d7 38. Kf1 (38. Rf1 {with more complications.} Rb7 39. Nc5 Bxc5 40. Rxc5 Rb5 41. Rfc1) 38... g5 (38... a5 {feels hotter.} 39. Bxe5 Bxe5 40. Rxd6 Bxd6 41. Nc5 Ra7) 39. hxg5 fxg5 40. Rxd4 gxf4 41. Rxd6 Rxd6 42. gxf4 Nxf3 $11 {[%mdl 4096] Endgame KRN-KRN} 43. Nc5 Rd2 44. Rc3 (44. Rxd2 {keeps more tension.} Nxd2+ 45. Kg2 Kf6 46. a4 Kg6 47. Kh3) 44... Nh2+ 45. Ke1 Ra2 46. Rh3 Ng4 47. Rxh5 Ne3 (47... Rxa3 $14 48. Rh7+ Ke8) 48. Rh7+ $16 Kg6 (48... Kf6 $16) 49. Rxe7 $18 Ng2+ 50. Kd1 Nxf4 51. Rxa7 Kf6 52. Ra5 (52. Rc7 $18) 52... Ne2 $1 $14 53. Na4 {Threatening Rf5+.} Ke6 $2 (53... Nd4 $11 {and Black stays safe.}) 54. Rh5 $1 $18 Kd6 55. Ra5 (55. e5+ $18 Ke7 56. Rh7+ Ke8 57. Rh8+ Ke7 58. Rh7+ Ke8 59. Ra7) 55... Ke6 $14 56. Rg5 Kd6 57. e5+ Ke7 58. Rg7+ Ke6 (58... Kd8 $16 59. Ra7 Nd4) 59. Nc5+ $18 Kxe5 60. Re7+ Kd4 61. Re4+ $2 (61. Rxe2 $18 Ra1+ 62. Kd2 Ra2+ 63. Ke1 Ra1+ 64. Kf2 Rxa3 65. Re4+ Kc3 66. Nd3) 61... Kc3 $14 62. Re3+ Kc4 63. Rxe2 {KRN-KR} Ra1+ 64. Kd2 Ra2+ $1 65. Ke1 Ra1+ $2 ({Black should play} 65... Rxa3 $14 66. Re4+ Kc3) 66. Kf2 $18 Rxa3 67. Re4+ Kc3 {[#]} 68. Ke3 (68. Nd3 $1 $18 {and the rest is easy.}) 68... Ra8 {[#]} (68... Ra1 $16 {is a better defense.}) 69. Nd7 (69. Nd3 $1 $18 {[%cal Rd3e5]} Rh8 70. Ne5) 69... Ra4 70. Rd4 Rxb4 71. Rd3+ Kc2 72. Rd6 Rh4 73. Ne5 Rh3+ 74. Nf3 Kb3 75. Ke2 Rg3 76. Nd2+ Kb4 77. Ne4 Rh3 78. Rd8 c5 79. Nf2 Rh7 80. Kd2 Rh2 81. Ke3 Kc4 82. Ra8 Rh7 83. Ra4+ Kd5 (83... Kb3 $11 84. Ra8 c4) 84. Rg4 $14 Rh8 85. Nd3 Rh3+ 86. Kd2 {Hoping for Nf4+.} Kd6 87. Kc3 Rh1 88. Kc4 Ke6 89. Re4+ Kd6 90. Rg4 Ke6 $1 91. Rg2 Kd6 92. Rg6+ Ke7 93. Ra6 Rh4+ 94. Kxc5 Rh5+ 95. Kd4 Rh1 96. Ke5 Rh5+ 97. Ke4 Rh1 98. Nf4 Re1+ 99. Kf5 Kd7 100. Nd3 Rh1 101. Nc5+ Kc7 102. Ne6+ Kd7 103. Nc5+ Kc7 $1 104. Ne4 {White is slightly better.} Kb7 105. Rg6 Rh5+ 106. Ng5 Rh1 107. Ke5 Rg1 108. Kf6 Rf1+ 109. Ke7 Rg1 110. Kd6 Kb6 111. Kd5+ Kb7 112. Ne4 {Accuracy: White = 55%, Black = 48%.} (112. Ke4 $14) 1/2-1/2

[Event "RUS Cup Final Men 2018"]
[Site "Khanty-Mansiysk"]
[Date "2018.12.08"]
[Round "2.4"]
[White "Timofeev, Artyom"]
[Black "Sorokin, Aleksey"]
[Result "0-1"]
[WhiteElo "2589"]
[BlackElo "2524"]
[Annotator "TA"]
[PlyCount "172"]
[EventDate "2018.12.05"]
[EventType "k.o."]
[EventCountry "RUS"]
[SourceTitle "playchess.com"]
[Source "ChessBase"]
[SourceQuality "1"]

{[%evp 16,172,-6,-8,23,10,10,30,32,6,10,25,43,30,41,35,46,31,35,28,25,27,31,30,60,35,46,41,77,0,0,0,0,-15,-9,11,14,19,19,35,32,39,102,90,124,131,183,168,172,170,236,241,261,-153,-154,-148,-149,-150,-145,-132,-154,-225,-225,-415,-415,-408,0,-408,-405,-405,-405,-391,0,-391,-391,-391,-391,-384,-377,-29988,-514,-29988,-490,-1989,-438,-427,0,-485,-479,-466,-467,-467,-466,-466,-452,-448,-262,-259,-264,-250,-259,-249,-211,-214,-198,-204,-198,-265,-262,-260,-265,-343,-327,-448,-448,-448,-455,-448,-448,-461,-447,-447,-445,-589,-541,-29947,-1683,-1662,-1517,-1053,-1053,-1007,-962,-814,-687,-4132,-781,-698,-671,-629,-581,-561,-502,-29972,-29973,-29972,-29973,-29979,-29976,-29979,-29974,-29977,-29978,-29982,-29983,-29983,-29981,-29980,-29981]} 1. c4 Nf6 2. b3 e5 3. Bb2 Nc6 4. d3 d5 5. cxd5 Nxd5 6. Nf3 {A01: Nimzowitsch-Larsen Opening} Bd6 7. Nbd2 (7. g3 O-O 8. Bg2 Nb6 9. O-O Bg4 10. h3 Bh5 11. Nbd2 Kh8 12. a3 f5 13. b4 Qe7 14. Nh4 Nd4 15. Bxd4 exd4 16. Re1 f4 17. g4 Bxg4 18. hxg4 Qxh4 19. Bf3 Nd7 {½-½ (19) Romanov,E (2614)-Motylev,A (2661) Sochi 2018}) 7... O-O 8. e3 Qe7 9. a3 {LiveBook: 7 Games} Bg4 10. Be2 Rad8 11. O-O f5 12. Qc2 Kh8 13. Rfe1 $146 ({Predecessor:} 13. b4 a6 14. Rac1 Rde8 {½-½ (57) Ruiz Quevedo,A (1903)-Barria Zuniga,D (2423) San Sebastian 2008}) 13... f4 14. e4 Nf6 15. b4 a6 16. Rad1 Nd7 17. Nb3 Rfe8 18. h3 Be6 19. Rd2 Nf8 20. Nc5 Bxc5 21. Qxc5 Bf7 22. Rc1 (22. Qxe7 $1 $16 Rxe7 23. Rc1) 22... Rd6 $11 23. Qc3 Bh5 24. d4 $1 {[%cal Rd4d5]} Bxf3 25. Qxf3 Nxd4 26. Bxd4 exd4 27. e5 Qxe5 {aiming for ...c6.} 28. Qxb7 {[%mdl 64] Double Attack} d3 (28... Ne6 $14) 29. Bxd3 $16 {Hoping for Re2.} Red8 30. Re2 ({Much weaker is} 30. Qxc7 $6 Qf6 $14) 30... Qg5 (30... Qf6 $16) 31. Rc5 $18 Qf6 32. Bc2 $1 Qa1+ (32... f3 {was worth a try.} 33. Qxf3 (33. gxf3 Ne6 $11) 33... Qxf3 34. gxf3 g6) 33. Kh2 Qf1 34. Rce5 $2 {[#]} (34. Qf3 $18) 34... Rd1 $1 $17 {[%mdl 512]} 35. Bxd1 Rxd1 {[%csl Gd1][%cal Rf1h1]} 36. Re1 Rxe1 $40 {[%mdl 128] White is in trouble.} 37. Rxe1 Qxe1 38. Qxc7 (38. f3 $17 {was called for.}) 38... Qxf2 $19 39. Qf7 $2 (39. Qc8 Qg3+ 40. Kh1 Qe1+ 41. Kh2) 39... Qg3+ {[%mdl 64] Double Attack} 40. Kh1 {[%cal Rf7f8]} Qe1+ 41. Kh2 {[%cal Rf7f8]} Ng6 42. Qb7 {White threatens Qc8+ and mate.} Qg3+ 43. Kh1 Qe1+ 44. Kh2 {Threatening mate with Qc8+.} h6 {Strongly threatening ...Qg3+.} 45. Qxa6 Qg3+ 46. Kh1 Kh7 47. Qa8 $2 (47. Qe2 $19) 47... Qe1+ 48. Kh2 Ne5 (48... Nh4 $142 49. b5 f3 $1 {[%mdl 512]} 50. Qxf3 Nxf3+ 51. gxf3 Qf2+ {[%mdl 64] Double Attack} 52. Kh1 Qxf3+ 53. Kh2 g5 54. b6 Qf2+ 55. Kh1 Qxb6 56. Kg2 Qe3 57. a4 Kg6 58. a5 Kh5 59. Kf1 Kh4 60. Kg2 Qe2+ 61. Kg1 Kxh3 62. Kh1 Qh2#) 49. Qd5 (49. Qc8 $142 Qg3+ 50. Kh1) 49... Qg3+ (49... Kg6 $142 {...Qe2 is the strong threat.} 50. Qb3 Kh5) 50. Kh1 Qe1+ 51. Kh2 {[#]} f3 $1 52. gxf3 Qf2+ {[%mdl 64] Double Attack} 53. Kh1 Qf1+ 54. Kh2 Nxf3+ 55. Kg3 Qe1+ (55... Ng5 $142 56. h4 Qh3+ 57. Kf2 Qxh4+ 58. Ke3 h5 59. Qf5+ Kh6) 56. Kf4 Nh4 57. Qd3+ Ng6+ 58. Kf3 Qh1+ 59. Ke2 Qg2+ 60. Kd1 Kg8 61. b5 (61. h4 $142) 61... Ne5 62. Qb3+ Kh8 63. b6 Qf1+ 64. Kc2 {[#]} Qe2+ $1 65. Kb1 {[#] intending b7.} Nc4 $1 {[%cal Rc4d2]} 66. Qb4 Qf1+ {[%mdl 64] Double Attack} 67. Ka2 Qf2+ {[%mdl 64] Double Attack} 68. Kb3 Nxb6 69. h4 Qf3+ 70. Ka2 Nd5 (70... Qe2+ $142 71. Qb2 Qc4+ 72. Kb1 Qd3+ 73. Ka1 Nc4 74. Qb4 Nxa3 75. Kb2 Nb5 76. Qf8+ Kh7 77. Qc5 Nd6 78. Qb4 Nc4+ 79. Kc1 Qe3+ 80. Kb1 Qe4+ 81. Kc1 Qh1+ 82. Kc2 Qxh4 83. Qc3 h5 84. Qd3+ Kh6 85. Kb3 Qf4 86. Kc2 h4 87. Qh3 Qd2+ 88. Kb3 Qe3+ 89. Qxe3+ Nxe3 90. Kc3 h3 91. Kb3 h2 92. Kc3 h1=Q 93. Kd4 Kg5 94. Kxe3 Qd5 95. Kf2 Kf4 96. Ke2 g5 97. Kf1 Qd2 98. Kg1 Kf3 99. Kh1 Qg2#) 71. Qb8+ Kh7 72. Qb1+ Kg8 73. Qb8+ Qf8 74. Qe5 Qf7 {( -> ...Nb4+)} 75. Kb1 Qg6+ 76. Kc1 Qc6+ 77. Kd2 Nf6 78. Qb8+ Kf7 79. Qb3+ (79. Qb4 $19) 79... Qd5+ {Black mates.} 80. Qxd5+ Nxd5 {[%mdl 4096] Endgame KN-KPP} 81. a4 Ke6 82. a5 Kd6 83. Kd3 g5 84. hxg5 hxg5 {[%cal Bh6g5,Bg5g4][%mdl 32]} 85. Ke4 Nf6+ 86. Kf5 g4 {Accuracy: White = 47%, Black = 67%.} 0-1